000 00696nam a2200265Ia 4500
005 20260302114020.0
008 008 260114s9999 xx 000 0 eng d
020 _a9781350076143
037 _aTextbook
040 _aCRL
040 _beng
040 _cCRL
041 _2eng
041 _aeng
084 _qCRL
100 _aTony Jappy
_91117342
245 4 _aThe Bloomsbury Companion to Contemporary Peircean Semiotics
260 _bBloomsbury
260 _bBloomsbury Academic
260 _c2019
650 _aLinguistics
856 _uhttps://dx.doi.org/10.5040/9781350076143?locatt=label:secondary_bloomsburyCollections
942 _cEBOOK
999 _c1681038
_d1681038